| 000 | 00644nam a2200205Ia 4500 | ||
|---|---|---|---|
| 008 | 220214s9999 xx 000 0 und d | ||
| 100 | _aMenon A R R | ||
| 245 | 0 | _aFatigue resistance of silica-filled natural rubber vulcanizates: Comparative study of the effect of phosphorylated cardanol prepolymer and a silane coupling agent | |
| 260 |
_bPolymer International _c2005 |
||
| 300 | _a629-635 | ||
| 650 | _aCoupling agent | ||
| 650 | _aDispersion | ||
| 650 | _aFatigue resistance | ||
| 650 | _aPhosphorylated cardanol prepolymer | ||
| 650 | _aSilica | ||
| 700 | _aJin W S | ||
| 700 | _aNah C | ||
| 700 | _aPillai C K S | ||
| 942 | _cRE | ||
| 999 |
_c45534 _d45534 |
||